| 000 | 00345 a2200145 4500 | ||
|---|---|---|---|
| 001 | 153633 | ||
| 040 | _cEscola São Tomás de Aquino | ||
| 100 | _aALBERGARIA , Lino de | ||
| 240 | 1 | 0 |
_aMiguel e a quinta série _lpor |
| 245 | 1 | 0 | _aMiguel e a quinta série |
| 362 | 0 | _a2006 | |
| 440 | 1 | _aSaraiva | |
| 697 | _a*LITERATURA JUVENIL | ||
| 942 | _cBK | ||
| 999 |
_c153633 _d153633 |
||